000 00341nam a2200133 a 4500
005 20140414132102.0
008 100722s19uu xx 00 eng d
050 _aER
_bEl52 2006
100 _aPage, Nick
245 _aThe elves and the shoemaker.
260 _aHerts :
_bMake Believe Ideas ltd,
_c2006.
300 _a31 p.
999 _c114488
_d114488